000 00382pab a2200145 454500
008 180718b1998 xxu||||| |||| 00| 0 eng d
100 _aBerry, Joyce et.al.
245 _aClosing the gap between ecosystem management and ecosystem research
260 _c1998
300 _ap.55-80
362 _aFeb
650 _aEcological research
773 _aPolicy Sciences
909 _a37696
999 _c37696
_d37696